|
|
|
|
| LEADER |
01041cam a2200265 7i4500 |
| 001 |
0000068088 |
| 005 |
20220426090000.0 |
| 020 |
|
|
|a 9783110266221 (electronic book)
|
| 020 |
|
|
|a 9783110266207
|
| 090 |
0 |
0 |
|a RB37
|b .K76 2013
|
| 100 |
1 |
|
|a Kroll, Martin Harris
|
| 245 |
1 |
0 |
|a Endogenous interferences in clinical laboratory tests :
|b icteric, lipemic and turbid samples
|c by Martin H. Kroll, Christopher R. McCudden.
|
| 264 |
|
|
|a Berlin:
|b De Gruyter,
|c 2013.
|
| 300 |
|
|
|a 1 online resource (xii, 143 pages):
|b illustrations, text file, PDF.
|
| 336 |
|
|
|a text
|2 rdacontent
|
| 337 |
|
|
|a computer
|2 rdamedia
|
| 338 |
|
|
|a online resource
|2 rdacarrier
|
| 650 |
0 |
0 |
|a Clinical Chemistry Tests --
|x methods
|
| 650 |
0 |
0 |
|a Bilirubin --
|x isolation & purification
|
| 655 |
0 |
0 |
|a Electronic books
|
| 700 |
1 |
|
|a McCudden, Christopher R.
|
| 856 |
4 |
2 |
|u http://library.unisel.edu.my/web/guest/mylibrary
|
| 997 |
|
|
|a Health Sciences, Faculty
|
| 998 |
|
|
|a Medical Laboratory Technology, Diploma
|
| 999 |
|
|
|a EBO0012343
|b EBOOK
|c EBOOK
|e Electronic resources
|